<?xml version="1.0" encoding="UTF-8"?>
<record
    xmlns:xsi="http://www.w3.org/2001/XMLSchema-instance"
    xsi:schemaLocation="http://www.loc.gov/MARC21/slim http://www.loc.gov/standards/marcxml/schema/MARC21slim.xsd"
    xmlns="http://www.loc.gov/MARC21/slim">

  <leader>01795nam2a2200277   4500</leader>
  <controlfield tag="001">rc\2833479</controlfield>
  <controlfield tag="005">20250529201627.0</controlfield>
  <datafield tag="035" ind1=" " ind2=" ">
    <subfield code="a">(NLR Aleph) 006991339</subfield>
  </datafield>
  <datafield tag="090" ind1=" " ind2=" ">
    <subfield code="a">5629157</subfield>
    <subfield code="c">5629157</subfield>
  </datafield>
  <datafield tag="100" ind1=" " ind2=" ">
    <subfield code="a">20110626d1931    |||y0rusy50      ca</subfield>
  </datafield>
  <datafield tag="101" ind1="0" ind2=" ">
    <subfield code="a">rus</subfield>
  </datafield>
  <datafield tag="102" ind1=" " ind2=" ">
    <subfield code="a">RU</subfield>
  </datafield>
  <datafield tag="105" ind1=" " ind2=" ">
    <subfield code="a">y   j   000yy</subfield>
  </datafield>
  <datafield tag="200" ind1="1" ind2=" ">
    <subfield code="a">[&#x41F;&#x440;&#x435;&#x434;&#x43C;&#x435;&#x442; &#x43F;&#x43E;&#x43B;&#x438;&#x442;&#x438;&#x447;&#x435;&#x441;&#x43A;&#x43E;&#x439; &#x44D;&#x43A;&#x43E;&#x43D;&#x43E;&#x43C;&#x438;&#x438;</subfield>
    <subfield code="f">&#x421;. &#x41F;&#x430;&#x43B;&#x447;&#x43A;&#x43E;&#x432;]</subfield>
  </datafield>
  <datafield tag="210" ind1=" " ind2=" ">
    <subfield code="d">1931</subfield>
    <subfield code="g">&#x43E;&#x442;&#x43F;. &#x432; 7-&#x439; &#x442;&#x438;&#x43F;. "&#x418;&#x441;&#x43A;&#x440;&#x430; &#x420;&#x435;&#x432;&#x43E;&#x43B;&#x44E;&#x446;&#x438;&#x438;"</subfield>
    <subfield code="a">&#x411;. &#x43C;.</subfield>
  </datafield>
  <datafield tag="215" ind1=" " ind2=" ">
    <subfield code="a">31, [1] &#x441;.</subfield>
  </datafield>
  <datafield tag="320" ind1=" " ind2=" ">
    <subfield code="a">&#x411;&#x438;&#x431;&#x43B;&#x438;&#x43E;&#x433;&#x440;.: &#x441;. 32 (2 &#x43D;&#x430;&#x437;&#x432;.) &#x438; &#x432; &#x43A;&#x43E;&#x43D;&#x446;&#x435; &#x43B;&#x438;&#x442;. &#x441;&#x442;.</subfield>
  </datafield>
  <datafield tag="461" ind1=" " ind2="0">
    <subfield code="1">001rc\2833478</subfield>
    <subfield code="1">2001#$a&#x41F;&#x43E;&#x43B;&#x438;&#x442;&#x438;&#x447;&#x435;&#x441;&#x43A;&#x430;&#x44F; &#x44D;&#x43A;&#x43E;&#x43D;&#x43E;&#x43C;&#x438;&#x44F;$e[&#x443;&#x447;&#x435;&#x431;&#x43D;&#x43E;-&#x43C;&#x435;&#x442;&#x43E;&#x434;&#x438;&#x447;&#x435;&#x441;&#x43A;&#x43E;&#x435; &#x43F;&#x43E;&#x441;&#x43E;&#x431;&#x438;&#x435; &#x434;&#x43B;&#x44F; &#x437;&#x430;&#x43E;&#x447;&#x43D;&#x44B;&#x445; &#x441;&#x43E;&#x432;&#x43F;&#x430;&#x440;&#x442;&#x448;&#x43A;&#x43E;&#x43B; &#x438; &#x43A;&#x43E;&#x43C;&#x441;&#x43E;&#x43C;&#x43E;&#x43B;&#x44C;&#x441;&#x43A;&#x438;&#x445; &#x443;&#x43D;&#x438;&#x432;&#x435;&#x440;&#x441;&#x438;&#x442;&#x435;&#x442;&#x43E;&#x432; &#x438; &#x434;&#x43B;&#x44F; &#x441;&#x430;&#x43C;&#x43E;&#x43E;&#x431;&#x440;&#x430;&#x437;&#x43E;&#x432;&#x430;&#x43D;&#x438;&#x44F;]$f&#x418;&#x43D;&#x441;&#x442;&#x438;&#x442;&#x443;&#x442; &#x43C;&#x430;&#x441;&#x441;&#x43E;&#x432;&#x43E;&#x433;&#x43E; &#x437;&#x430;&#x43E;&#x447;&#x43D;&#x43E;&#x433;&#x43E; &#x43E;&#x431;&#x443;&#x447;&#x435;&#x43D;&#x438;&#x44F; &#x43F;&#x430;&#x440;&#x442;&#x430;&#x43A;&#x442;&#x438;&#x432;&#x430; &#x43F;&#x440;&#x438; &#x426;&#x41A; &#x412;&#x41A;&#x41F;(&#x431;)$v&#x412;&#x44B;&#x43F;. 1</subfield>
    <subfield code="9">5629150</subfield>
    <subfield code="a">&#x418;&#x43D;&#x441;&#x442;&#x438;&#x442;&#x443;&#x442; &#x43C;&#x430;&#x441;&#x441;&#x43E;&#x432;&#x43E;&#x433;&#x43E; &#x437;&#x430;&#x43E;&#x447;&#x43D;&#x43E;&#x433;&#x43E; &#x43E;&#x431;&#x443;&#x447;&#x435;&#x43D;&#x438;&#x44F; &#x43F;&#x430;&#x440;&#x442;&#x430;&#x43A;&#x442;&#x438;&#x432;&#x430; (&#x41C;&#x43E;&#x441;&#x43A;&#x432;&#x430;)</subfield>
    <subfield code="c">[&#x41C;&#x43E;&#x441;&#x43A;&#x432;&#x430;]</subfield>
    <subfield code="d">1931-1932</subfield>
    <subfield code="f">&#x418;&#x43D;&#x441;&#x442;&#x438;&#x442;&#x443;&#x442; &#x43C;&#x430;&#x441;&#x441;&#x43E;&#x432;&#x43E;&#x433;&#x43E; &#x437;&#x430;&#x43E;&#x447;&#x43D;&#x43E;&#x433;&#x43E; &#x43E;&#x431;&#x443;&#x447;&#x435;&#x43D;&#x438;&#x44F; &#x43F;&#x430;&#x440;&#x442;&#x430;&#x43A;&#x442;&#x438;&#x432;&#x430; &#x43F;&#x440;&#x438; &#x426;&#x41A; &#x412;&#x41A;&#x41F;(&#x431;)</subfield>
    <subfield code="n">&#x41E;&#x413;&#x418;&#x417;</subfield>
    <subfield code="o">[&#x443;&#x447;&#x435;&#x431;&#x43D;&#x43E;-&#x43C;&#x435;&#x442;&#x43E;&#x434;&#x438;&#x447;&#x435;&#x441;&#x43A;&#x43E;&#x435; &#x43F;&#x43E;&#x441;&#x43E;&#x431;&#x438;&#x435; &#x434;&#x43B;&#x44F; &#x437;&#x430;&#x43E;&#x447;&#x43D;&#x44B;&#x445; &#x441;&#x43E;&#x432;&#x43F;&#x430;&#x440;&#x442;&#x448;&#x43A;&#x43E;&#x43B; &#x438; &#x43A;&#x43E;&#x43C;&#x441;&#x43E;&#x43C;&#x43E;&#x43B;&#x44C;&#x441;&#x43A;&#x438;&#x445; &#x443;&#x43D;&#x438;&#x432;&#x435;&#x440;&#x441;&#x438;&#x442;&#x435;&#x442;&#x43E;&#x432; &#x438; &#x434;&#x43B;&#x44F; &#x441;&#x430;&#x43C;&#x43E;&#x43E;&#x431;&#x440;&#x430;&#x437;&#x43E;&#x432;&#x430;&#x43D;&#x438;&#x44F;]</subfield>
    <subfield code="t">&#x41F;&#x43E;&#x43B;&#x438;&#x442;&#x438;&#x447;&#x435;&#x441;&#x43A;&#x430;&#x44F; &#x44D;&#x43A;&#x43E;&#x43D;&#x43E;&#x43C;&#x438;&#x44F;</subfield>
    <subfield code="v">&#x412;&#x44B;&#x43F;. 1</subfield>
  </datafield>
  <datafield tag="702" ind1=" " ind2="1">
    <subfield code="a">&#x41F;&#x430;&#x43B;&#x447;&#x43A;&#x43E;&#x432;</subfield>
    <subfield code="b">&#x421;.</subfield>
    <subfield code="4">220</subfield>
  </datafield>
  <datafield tag="801" ind1=" " ind2="0">
    <subfield code="a">RU</subfield>
    <subfield code="b">NLR</subfield>
    <subfield code="g">psbo</subfield>
  </datafield>
  <datafield tag="801" ind1=" " ind2="1">
    <subfield code="a">RU</subfield>
    <subfield code="b">ELAR</subfield>
    <subfield code="2">rusmarc</subfield>
  </datafield>
  <datafield tag="852" ind1=" " ind2=" ">
    <subfield code="a">NLR</subfield>
    <subfield code="j">32-18/743(1)</subfield>
  </datafield>
  <datafield tag="942" ind1=" " ind2=" ">
    <subfield code="c">BOOK</subfield>
  </datafield>
  <datafield tag="980" ind1=" " ind2=" ">
    <subfield code="a">NB</subfield>
  </datafield>
  <datafield tag="995" ind1=" " ind2=" ">
    <subfield code="5">2013-10-26</subfield>
    <subfield code="b">NLR02</subfield>
    <subfield code="c">NLR02</subfield>
    <subfield code="e">RFS</subfield>
    <subfield code="f">6991339-10</subfield>
    <subfield code="k">32-17/743(1)</subfield>
    <subfield code="o">0</subfield>
    <subfield code="r">BOOK</subfield>
    <subfield code="s">32177431_</subfield>
  </datafield>
</record>
